Intelligence in the cold war : (Record no. 14781)

000 -LEADER
fixed length control field 01986nam a2200277 a 4500
001 - CONTROL NUMBER
control field ASIN0415659655
005 - DATE AND TIME OF LATEST TRANSACTION
control field 20170105102904.0
008 - FIXED-LENGTH DATA ELEMENTS--GENERAL INFORMATION
fixed length control field 131022s2012 xxu eng d
020 ## - INTERNATIONAL STANDARD BOOK NUMBER
International Standard Book Number 0415659655 (hardcover)
Terms of availability $145.00
020 ## - INTERNATIONAL STANDARD BOOK NUMBER
International Standard Book Number 9780415659659 (hardcover)
040 ## - CATALOGING SOURCE
Original cataloging agency 0
082 04 - DEWEY DECIMAL CLASSIFICATION NUMBER
Classification number 327.120904
245 10 - TITLE STATEMENT
Title Intelligence in the cold war :
Remainder of title what difference did it make? /
Statement of responsibility, etc. Michael Herman, Gwilym Hughes.
250 ## - EDITION STATEMENT
Edition statement 1st ed.
260 ## - PUBLICATION, DISTRIBUTION, ETC.
Place of publication, distribution, etc. [S.l.] :
Name of publisher, distributor, etc. Routledge,
Date of publication, distribution, etc. 2012.
300 ## - PHYSICAL DESCRIPTION
Extent 160 p. ;
Dimensions 25 cm.
520 ## - SUMMARY, ETC.
Summary, etc. Intelligence was a major part of the Cold War, waged by both sides with an almost warlike intensity. Yet the question 'What difference did it all make?' remains unanswered. Did it help to contain the Cold War, or fuel it and keep it going? Did it make it hotter or colder? Did these large intelligence bureaucracies tell truth to power, or give their governments what they expected to hear? These questions have not previously been addressed systematically, and seven writers tackle them here on Cold War aspects that include intelligence as warning, threat assessment, assessing military balances, Third World activities, and providing reassurance. Their conclusions are as relevant to understanding what governments can expect from their big, secret organizations today as they are to those of historians analysing the Cold War motivations of East and West. This book is valuable not only for intelligence, international relations and Cold War specialists but also for all those concerned with intelligence's modern cost-effectiveness and accountability. This book was published as a special issue of Intelligence and National Security .
650 #0 - SUBJECT ADDED ENTRY--TOPICAL TERM
Topical term or geographic name entry element Cold War (1945-1989)
650 #0 - SUBJECT ADDED ENTRY--TOPICAL TERM
Topical term or geographic name entry element Espionage
650 #0 - SUBJECT ADDED ENTRY--TOPICAL TERM
Topical term or geographic name entry element Intelligence service
650 #0 - SUBJECT ADDED ENTRY--TOPICAL TERM
Topical term or geographic name entry element Military intelligence
700 1# - ADDED ENTRY--PERSONAL NAME
Personal name Herman, Michael.
700 1# - ADDED ENTRY--PERSONAL NAME
Personal name Hughes, Gwilym.
856 40 - ELECTRONIC LOCATION AND ACCESS
Materials specified Amazon.com
Uniform Resource Identifier <a href="http://www.amazon.com/exec/obidos/ASIN/0415659655/chopaconline-20">http://www.amazon.com/exec/obidos/ASIN/0415659655/chopaconline-20</a>
942 ## - ADDED ENTRY ELEMENTS (KOHA)
Source of classification or shelving scheme
Koha item type Book
Holdings
Withdrawn status Lost status Damaged status Not for loan Collection code Permanent Location Current Location Shelving location Date acquired Total Checkouts Full call number Barcode Date last seen Price effective from Koha item type
          Centre for International Peace & Stability (CIPS) Centre for International Peace & Stability (CIPS) General Stacks 10/01/2013   327.120904 INT 2013 CIPS0001324 10/22/2013 10/22/2013 Book
© 2023 Central Library, National University of Sciences and Technology. All Rights Reserved.